| 000 | 01043nam a2200337 i 4500 | ||
|---|---|---|---|
| 001 | 000015277 | ||
| 003 | DO-SdBNP | ||
| 005 | 20250429110432.0 | ||
| 007 | ta | ||
| 008 | 100204s2005 dr ab 001 0 spa d | ||
| 020 | _a9945405233 | ||
| 040 |
_aDO-SdBNP _bspa _cBNPHU _erda |
||
| 049 | _aBNPD | ||
| 082 | 4 |
_a355.02 _bM296g _222 |
|
| 100 | 1 |
_aMañón, Melvin, _910427 _eautor |
|
| 245 | 1 | 0 |
_aGuerras de purificación / _cMelvin Mañón. |
| 264 |
_aSanto Domingo : _bManatí, _c2005. |
||
| 300 |
_a296 páginas : _bretratos ; mapas ; _c24 cm. |
||
| 336 |
_2rdacontent _atexto _btxt |
||
| 337 |
_2rdamedia _asin mediación _bn |
||
| 338 |
_2rdacarrier _avolumen _bnc |
||
| 500 | _aIncluye datos biográficos del autor en la contracubierta | ||
| 500 | _aIncluye índice analítico de nombres | ||
| 504 | _aBibliografía : p. 287-289 | ||
| 590 | _aInventariado, 2024/BT | ||
| 650 | 0 |
_aHistoria universal _9933 |
|
| 650 | 4 |
_aGuerra y sociedad _92922 |
|
| 650 | 4 |
_aGuerra _934555 |
|
| 650 | 4 |
_aSistema político _934556 |
|
| 942 |
_2ddc _cLBS1 |
||
| 999 |
_c14843 _d14843 |
||